| 000 | 02361cam a22004454a 4500 | ||
|---|---|---|---|
| 001 | 15549183 | ||
| 003 | OSt | ||
| 005 | 20140310182459.0 | ||
| 008 | 081205s2009 enka b 001 0 eng | ||
| 010 | _a 2008052868 | ||
| 016 | 7 |
_a101490902 _2DNLM |
|
| 020 | _a9781405184267 (pbk. : alk. paper) | ||
| 020 | _a1405184264 (pbk. : alk. paper) | ||
| 035 | _a(OCoLC)ocn280354468 | ||
| 040 |
_aDNLM/DLC _cDLC _dNLM _dYDXCP _dBTCTA _dBWKUK _dBWX _dCDX _dUBY _dDLC |
||
| 042 | _apcc | ||
| 050 | 0 | 0 |
_aR 920 _b.P73 2009 |
| 060 | 0 | 0 | _a2009 H-539 |
| 060 | 1 | 0 |
_aWN 250 _bP896 2009 |
| 082 | 0 | 0 | _a615.8/42 |
| 100 |
_aPam Cherry, _98557 |
||
| 245 | 0 | 0 |
_aPractical radiotherapy : _bphysics and equipment / _cedited by Pam Cherry, Angela M. Duxbury. |
| 250 | _a2nd ed. | ||
| 260 |
_aChichester, U.K. ; _aAmes, Iowa : _bWiley-Blackwell, _cc2009. |
||
| 300 |
_a292 p. : _bill. ; _c25 cm. |
||
| 504 | _aIncludes bibliographical references and index. | ||
| 505 | 0 | _aBasic skills for radiotherapy physics / Elaine Ryan -- X-ray production / Elaine Ryan -- Radiation dosimetry / Jan Chianese and Fiona Chamberlain -- X-ray interactions with matter / Kathryn Cooke -- Pre-treatment imaging / Caroline Wright, Jonathan McConnell and Katheryn Churcher -- Simulation equipment / Alan Needham -- Immobilisation equipment / Helen White and Nick White -- Megavoltage equipment / David Flinton and Elizabeth Miles -- Kilovoltage equipment / David Flinton -- Treatment planning and computer systems / John Conway and Christopher M. Bragg -- Methods of beam direction / Anne Jessop -- Advanced treatment delivery / Pete Bridge -- Treatment verification / Cath Holborn -- Introduction to radiation protection / Pete Bridge -- Use of radionuclides in imaging and therapy / David Duncan -- Sealed sources in radiotherapy / Tony Flynn and Bruce Thomadsen. | |
| 650 | 0 |
_aMedical physics. _98558 |
|
| 650 | 0 |
_aRadiotherapy _xEquipment and supplies. _98559 |
|
| 650 | 1 | 2 |
_aRadiotherapy _xinstrumentation. _98560 |
| 650 | 2 | 2 |
_aHealth Physics. _98561 |
| 700 | 1 |
_aCherry, Pam. _98562 |
|
| 700 | 1 |
_aDuxbury, Angela. _98563 |
|
| 906 |
_a7 _bcbc _corignew _d1 _eecip _f20 _gy-gencatlg |
||
| 942 |
_2lcc _cSSLC |
||
| 999 |
_c13784 _d13784 |
||